| 000 | 00451nam a2200181Ia 4500 | ||
|---|---|---|---|
| 005 | 20250626032600.0 | ||
| 008 | 240331s9999 xx 000 0 und d | ||
| 020 | _a955553182X | ||
| 082 |
_bWIJ _a362 |
||
| 100 | _aWijenayake,R | ||
| 245 | 0 | _aNeethi wirodhee mathpan pawula saha samajaya | |
| 260 |
_aWarakapola _bAryan Publishers _c2001 |
||
| 300 | _a116 p ., | ||
| 650 | _aIlllegal Alcohol | ||
| 650 | _aFamily | ||
| 650 | _aSociety | ||
| 942 | _cL | ||
| 999 |
_c5121 _d5121 |
||